000 00781nam a2200181 i 4500
001 153048
003 ES-MaACL
005 20250810063038.0
008 950226s1800 sp |||| | lat d
040 _aEUS
_bspa
_cEUS
100 1 _aCavallari, Domenico,
_d1724-1781
_9126403
245 1 0 _aInstitutiones Juris canonici in tres partes ac sex tomos distributae
_b: quibus vetus et nova ecclesiae disciplina et mutationum causae enarrantur /
_ca Dominico Cavallario ... ; tomus sextus.
260 _aMatriti :
_bex typographia Regia :
_bse hallará en la librería de Don Felipe Alverá ...,
_c1800.
300 _a[4], 239 p. ;
_c4º.
597 _aSign.: []2, A-Z4, 2A-2G4.
852 _aES-MaACL
_jR-1844(2)
_z-- Enc. perg.
_x-- Olim: G-1558
999 _c153048
_d153048